| 000 | 00000nam##2200000za#4500 |
| 001 | 9.638560 |
| 003 | CaOODSP |
| 005 | 20210624221735 |
| 007 | cr ||||||||||| |
| 008 | 150407|1998||||xxc|||||o f|0| 0 fre|d |
| 040 | |aCaOODSP|bfre |
| 043 | |an-cn--- |
| 086 | 1 |aH39-429/1998-1F-PDF |
| 110 | 1 |aCanada.|bSanté Canada. |bDirection générale des services et de la promotion de la santé. |
| 245 | 10|aGuide canadien d'activité physique pour une vie active saine |h[ressource électronique] |
| 260 | |aOttawa - Ontario : |bSanté Canada. |c1998. |
| 300 | |a2p.|bill. en couleur, tableaux |
| 500 | |aLe n° de catalogue (H39-429/1998-1F) et l’ISBN (0-662-82722-8) de l'édition imprimée bilingue ont été incorrectement copiés dans cette édition électronique. |
| 520 | 3 |aL'information contenue dans cette publication à propos des lignes directrices en matière d'activité physique, n'est plus à jour. La Société canadienne de physiologie de l’exercice a diffusé le 24 janvier 2011 des nouvelles lignes directrices. Pour en savoir davantage sur les nouvelles lignes directices en matière d'activité physique et pour des conseils pour vous aider à intégrer l'activité physique dans un mode de vie sain, consultez le site Web de l'Agence de la santé publique du Canada (ASPC). |
| 590 | |a11-05-Supp|b2011-03-15 |
| 691 | 07|aCondition physique|2gcpds |
| 775 | 08|tCanada's physical activity guide to healthy active living |w(CaOODSP)9.694382 |
| 776 | 0#|tGuide canadien d'activité physique pour une vie active saine |w(CaOODSP)9.680365 |
| 856 | 40|ahttp://publications.gc.ca|qPDF|s113 Ko|uhttps://publications.gc.ca/collections/Collection/H39-429-1998-1F.pdf |